000 00933nam a2200229 a 4500
001 000029611
003 DO-SdBNP
005 20220524093943.0
007 ta
008 110404s1979 dr a 000 0 spa d
040 _aDO-SdBNP
_bspa
_cBNPHU
082 4 _a693.852
_bR426r
_222
110 1 _aRepública Dominicana .
_bSecretaría de estado de Obras Públicas y Comunicaciones; Departamento de Normas, Reglamentos y Sistemas
_935775
245 1 0 _aRecomendaciones provisionales para el análisis sísmico de estructuras /
_cSecretaría de estado de Obras Públicas y Comunicaciones
260 _aSanto Domingo :
_bSecretaría de estado de Obras Públicas y Comunicaciones,
_c1979.
_fAlfa y Omega
300 _a37 p. :
_bil. ;
_c28 cm.
590 _aInventariado, 2021 / DG
650 4 _aAnálisis plástico (Teoría de las estructuras)
_979060
650 4 _aEstructuras sismoresistentes
_979061
910 _aD/G
942 _2ddc
_cLBS1
999 _c29103
_d29103